Culture Générale - Série 716 - Statistiques

Statistiques générales
  • Ce quiz a été pris 156 fois
  • Le résultat moyen est 6 sur 10
Statistiques - réponses
Question Réponse % Correct
Selon l'expression, quand une personne gagne beaucoup d'argent, on dit qu'elle gagne "des mille et des... cents
93%
Complétez le titre du roman de Léon Tolstoï "Anna ... Karénine
84%
A quel archipel appartiennent les îles de Tenerife, Gomera et Lanzarote ? Les îles Canaries
74%
A cheval, lorsqu'on a les jambes de part et d'autre de sa monture, on dit qu'on se tient à... califourchon
68%
Quel mot désigne à la fois un petit gâteau à base d'amande et un gestionnaire de patrimoines ? financier
67%
Quel armateur grec a eu une liaison amoureuse avec la cantatrice Maria Callas ? Aristote Onassis
59%
Dans quel pays se trouve la ville de Yalta qui a donné son nom à la conférence réunissant, en 1945, Roosevelt, Churchill et Staline ? Ukraine
59%
Complétez le titre du film réalisé en 1984 par Sergio Leone "Il était une fois ... en Amérique
36%
Quel chanteur, prénommé Yves, a reçu le prix Médicis en 1991 pour son roman “La Dérive des sentiments” ? Yves Simon
32%
Quel personnage de BD américain, ayant pour rival Brutus, a été créé en 1929 par Elzie Crisler Segar ? Popeye
21%
Aucun quiz correspondant
Distribution des résultats
% des personnes avec chaque résultat
Percentile par nombre de réponses
Votre historique - résultats
Vous n’avez pas pris ce quiz